Organic micropollutants in the aquatic environment : (Record no. 13307)

MARC details
000 -LEADER
fixed length control field 02189nam a2200421 4500
001 - CONTROL NUMBER
control field 000
005 - DATE AND TIME OF LATEST TRANSACTION
control field 20170717163016.0
006 - FIXED-LENGTH DATA ELEMENTS--ADDITIONAL MATERIAL CHARACTERISTICS--GENERAL INFORMATION
fixed length control field 000
007 - PHYSICAL DESCRIPTION FIXED FIELD--GENERAL INFORMATION
fixed length control field 000
008 - FIXED-LENGTH DATA ELEMENTS--GENERAL INFORMATION
fixed length control field 000
010 ## - LIBRARY OF CONGRESS CONTROL NUMBER
LC control number 90027151
020 ## - INTERNATIONAL STANDARD BOOK NUMBER
International Standard Book Number 0792311043 (HB : acid free paper)
040 ## - CATALOGING SOURCE
Original cataloging agency UOEL
Transcribing agency DLC
Modifying agency DLC
050 00 - LIBRARY OF CONGRESS CALL NUMBER
Classification number TD427.O7
Item number O752 1991
082 00 - DEWEY DECIMAL CLASSIFICATION NUMBER
Classification number 628.1/68
Edition number 20
245 00 - TITLE STATEMENT
Title Organic micropollutants in the aquatic environment :
Remainder of title proceedings of the sixth European symposium held in Lisbon, Portugal, May 22-24, 1990 /
Statement of responsibility, etc edited by G. Angeletti and A. Bjørseth.
260 ## - PUBLICATION, DISTRIBUTION, ETC. (IMPRINT)
Place of publication, distribution, etc Dordrecht ;
-- Boston :
Name of publisher, distributor, etc Kluwer Academic Publishers,
Date of publication, distribution, etc c1991.
300 ## - PHYSICAL DESCRIPTION
Extent xiv, 539 p. :
Other physical details ill. ;
Dimensions 24 cm.
440 #0 - SERIES STATEMENT/ADDED ENTRY--TITLE
Title Water pollution research reports ;
Volume number/sequential designation rept. 21
490 1# - SERIES STATEMENT
Series statement EUR ;
Volume number/sequential designation 13152
500 ## - GENERAL NOTE
General note At head of title: Commission of the European Communities.
General note Proceedings of the Sixth European Symposium on Organic Micropollutants in the Aquatic Environment.
General note "Jointly organised by the Commission of the European Communities, Directorate-General for Science, Research, and Development, Brussels (Belgium) and Direcção Geral da Qualidade do Ambiente, Instituto Hidrografico e Junta National de Investigação Cientifica e Tecnologica, Lisbon (Portugal)."
504 ## - BIBLIOGRAPHY, ETC. NOTE
Bibliography, etc Includes bibliographical references and index.
650 #0 - SUBJECT ADDED ENTRY--TOPICAL TERM
Topical term or geographic name as entry element Organic water pollutants
General subdivision Congresses.
Topical term or geographic name as entry element Water
General subdivision Purification
-- Congresses.
Topical term or geographic name as entry element Environmental chemistry
General subdivision Congresses.
700 1# - ADDED ENTRY--PERSONAL NAME
Personal name Angeletti, G.,
Dates associated with a name 1943-
Personal name Bjørseth, Alf.
710 2# - ADDED ENTRY--CORPORATE NAME
Corporate name or jurisdiction name as entry element Commission of the European Communities.
Subordinate unit Directorate-General for Science, Research, and Development.
Corporate name or jurisdiction name as entry element Instituto Hidrográfico (Portugal).
Subordinate unit Direcçao Geral da Qualidade do Ambiente.
Corporate name or jurisdiction name as entry element Junata Nacional de Investigção Científica e TecnológicA (Portugal)
711 2# - ADDED ENTRY--MEETING NAME
Meeting name or jurisdiction name as entry element European Symposium on Organic Micropollutants in the Aquatic Environment
Number of part/section/meeting (6th :
Date of meeting 1990 :
Location of meeting Lisbon, Portugal)
830 #0 - SERIES ADDED ENTRY--UNIFORM TITLE
Uniform title EUR (Series) ;
Volume number/sequential designation 13152.
906 ## - LOCAL DATA ELEMENT F, LDF (RLIN)
a 7
b cbc
c orignew
d 1
e ocip
f 19
g y-gencatlg
942 ## - ADDED ENTRY ELEMENTS (KOHA)
Source of classification or shelving scheme Library of Congress Classification
Item type SES Book
Holdings
Withdrawn status Lost status Source of classification or shelving scheme Damaged status Not for loan Home library Current library Shelving location Date acquired Total Checkouts Full call number Barcode Date last seen Copy number Price effective from Koha item type
    Library of Congress Classification     UOE Main Library UOE Main Library Open shelf 17/07/2017   TD427.O7 O752 1991 10016211 17/07/2017 10016211 17/07/2017 SES Book
    Library of Congress Classification     UOE Main Library UOE Main Library Open shelf 17/07/2017   TD427.O7 O752 1991 20066174 17/07/2017 10016211 17/07/2017 SES Book